Statystyki dla Państwa kończące się na R

Kliknij tutaj aby rozwiązać quiz!

Ogólne statystyki

  • Ten quiz został rozwiązany 16 876 razy
  • Średni wynik to 3 z 7

Statystyki odpowiedzi

KontynentPaństwo% Poprawnych
Ameryka PołudniowaEkwador
74%
AfrykaNiger
58%
AzjaKatar
55%
Ameryka PółnocnaSalwador
52%
AzjaSingapur
41%
AfrykaMadagaskar
38%
AzjaCypr
26%

Rozkład punktacji

Percentyl według liczby udzielonych odpowiedzi

Procent ludzi z każdym wynikiem

Twoja historia wyników

Nie rozwiązałeś tego quizu